| 000 -LEADER |
| fixed length control field |
00861nam a2200229Ia 4500 |
| 001 - CONTROL NUMBER |
| control field |
8505 |
| 003 - CONTROL NUMBER IDENTIFIER |
| control field |
GE_BSU |
| 008 - FIXED-LENGTH DATA ELEMENTS--GENERAL INFORMATION |
| fixed length control field |
181216s||||||||xx |||||||||||||| ||und|| |
| 040 ## - CATALOGING SOURCE |
| Transcribing agency |
GE_BSU |
| 080 ## - UNIVERSAL DECIMAL CLASSIFICATION NUMBER |
| Universal Decimal Classification number |
821.353.1-1 |
| 245 ## - TITLE STATEMENT |
| Title |
ვუმღერით სამშობლოს. |
| 245 ## - TITLE STATEMENT |
| Remainder of title |
ავტორ-მთქმელების ლექსების კრებული. |
| 245 ## - TITLE STATEMENT |
| Statement of responsibility, etc. |
რედ:კ.ბობოხიძე;მხატვ:ო.ჯიშკარიანი. |
| 260 ## - PUBLICATION, DISTRIBUTION, ETC. |
| Place of publication, distribution, etc. |
თბილისი. |
| 260 ## - PUBLICATION, DISTRIBUTION, ETC. |
| Name of publisher, distributor, etc. |
საბჭ.საქართველო |
| 260 ## - PUBLICATION, DISTRIBUTION, ETC. |
| Date of publication, distribution, etc. |
1964. |
| 300 ## - PHYSICAL DESCRIPTION |
| Extent |
11გვ;15სმ. |
| 653 ## - INDEX TERM--UNCONTROLLED |
| Uncontrolled term |
ავტორ-მთქმელების ლექსების კრებული. |
| 653 ## - INDEX TERM--UNCONTROLLED |
| Uncontrolled term |
ვუმღერით სამშობლოს. |
| 942 ## - ADDED ENTRY ELEMENTS (KOHA) |
| Koha item type |
წიგნი |